Представление документа в формате MARC21

ПолеНазваниеЗначение
  Тип записи a
  Библиографический уровень m
001 Контрольный номер RU/URAIT/585561
005 Дата корректировки 20260429163606.8
008 Кодируемые данные 260429s2026 RU y f j 000 0 rus u
020 Индекс ISBN __
a ISBN 978-5-534-07182-5
c Цена, тираж 2089.00
040 Источник каталогиз. __
a Служба первич. каталог. ИКО Юрайт
c Служба, преобразующая запись ИКО Юрайт
e Правила каталог. RCR
041 Код языка издания __
a Код языка текста rus
044 Код страны публикации __
a Код страны публикации RU
080 Индекс УДК __
a Индекс УДК 379.85(075.8)
084 Индекс другой классификации/Индекс ББК __
2 Источник индекса rubbk
a Индекс другой классификации/Индекс ББК 75.81я73
100 Автор __
a Автор Константинов Ю. С.
q Полное имя Константинов Юрий Сергеевич
245 Заглавие __
a Заглавие Детско-юношеский туризм
b Продолж. заглавия учебник для вузов
c Ответственность Ю. С. Константинов.
250 Сведения об издании __
g испр. и доп
a Основные сведения об издании 2-е изд.
256 Характеристики компьютерного файла __
a Характеристики компьютерного файла Электрон. дан.
260 Выходные данные __
a Место издания Москва
b Издательство Юрайт
c Дата издания 2026
300 Физическое описание __
a Объем 401 с
440 Серия __
a Серия Высшее образование
500 Примечания __
a Примечание URL: https://urait.ru/bcode/585561 (дата обращения: 29.04.2026).
520 Аннотация __
a Аннотация В учебном пособии объединены вопросы педагогики детского туризма и техническая сторона туризма. В нем представлены формы туристско-краеведческой деятельности, даны сведения о безопасности при проведении туристских походов, подготовке туристских слетов и соревнований. Особое внимание уделено первой доврачебной помощи. Книга содержит большое количество иллюстраций, которые помогут студентам лучше усвоить материалы учебного пособия.
538 Прим. о системных особенностях __
a Прим. о системных особенностях Режим доступа: Электронно-библиотечная система Юрайт, для авториз. пользователей
653 Ключевые слова __
a Ключевые слова Туризм и гостеприимство
653 Ключевые слова __
a Ключевые слова Менеджмент
653 Ключевые слова __
a Ключевые слова Детско-юношеский туризм
653 Ключевые слова __
a Ключевые слова Анимационные технологии и активные методы обучения в детско-юношеском туризме
653 Ключевые слова __
a Ключевые слова Обеспечение безопасности детско-юношеских туристских и экскурсионных маршрутов
653 Ключевые слова __
a Ключевые слова Организация детско-юношеского и молодежного туризма
653 Ключевые слова __
a Ключевые слова Технология организации детско-юношеского и молодежного туризма
653 Ключевые слова __
a Ключевые слова Организация детского туризма и отдыха
653 Ключевые слова __
a Ключевые слова Комбинированные виды туризма
653 Ключевые слова __
a Ключевые слова Технология и организация детского и молодежного туризма
856 Электронный адрес документа 40
n Местонахождение сервера Юрайт
g Электронная книга
q Тип электронного формата html
h Имя пользователя ЮРАЙТ
v Часы доступа к ресурсу 20271231
2 Способ доступа Показать документ
x Служебное примечание https://urait.ru/book/cover/22C87266-4986-4085-808A-E9B7E53DE7E1
u URL https://urait.ru/bcode/585561
856 Электронный адрес документа 48
q Тип электронного формата cover
u URL https://urait.ru/book/cover/22C87266-4986-4085-808A-E9B7E53DE7E1
911 __
u 0030=https://urait.ru/bcode/585561
911 __
u 073a=9785534071825
u 073d=2089.00
911 __
u 106a=s
911 __
u 900l=
952 Тип литературы __
i Дисциплина Детско-юношеский туризм
952 Тип литературы __
i Дисциплина Анимационные технологии и активные методы обучения в детско-юношеском туризме
952 Тип литературы __
i Дисциплина Обеспечение безопасности детско-юношеских туристских и экскурсионных маршрутов
952 Тип литературы __
i Дисциплина Организация детско-юношеского и молодежного туризма
952 Тип литературы __
i Дисциплина Технология организации детско-юношеского и молодежного туризма
952 Тип литературы __
i Дисциплина Организация детского туризма и отдыха
952 Тип литературы __
i Дисциплина Комбинированные виды туризма
952 Тип литературы __
i Дисциплина Технология и организация детского и молодежного туризма